[Event "HUN-chT2 Toth 1213"]
[Site "Hungary"]
[Date "2013.02.17"]
[Round "7.10"]
[White "Jozaf, Csaba"]
[Black "Kovacs, Arthur"]
[Result "1/2-1/2"]
[WhiteElo "1903"]
[BlackElo "2025"]
[PlyCount "55"]
[EventDate "2012.09.16"]
[EventType "team-tourn"]
[EventRounds "11"]
[EventCountry "HUN"]
[SourceTitle "EXT 2014"]
[Source "ChessBase"]
[SourceDate "2013.11.20"]
[SourceVersion "1"]
[SourceVersionDate "2013.11.20"]
[SourceQuality "1"]
[WhiteTeam "Mezobereny"]
[BlackTeam "Mako II"]
[WhiteTeamCountry "HUN"]
[BlackTeamCountry "HUN"]

1. Nf3 Nf6 2. c4 e6 3. Nc3 d5 4. cxd5 exd5 5. d4 c6 6. g3 Be7 7. Bg2 0-0 8. 0-0 Re8 9. Bg5 Nbd7 10. e3 Bd6 11. Qc2 h6 12. Bxf6 Nxf6 13. Na4 Ne4 14. Nc5 Ng5 15. a3 Bxc5 16. dxc5 Nxf3+ 17. Bxf3 Qf6 18. Bg2 Bf5 19. Qd2 Be4 20. f3 Bg6 21. Rfe1 Re7 22. Re2 Rae8 23. Rae1 Qf5 24. Qd4 Qe5 25. Qxe5 Rxe5 26. Kf2 Kf8 27. b4 a6 28. Rd2 1/2-1/2

[Event "HUN-chT2 Toth 1213"]
[Site "Hungary"]
[Date "2013.01.27"]
[Round "6.9"]
[White "Jozaf, Csaba"]
[Black "Varga, Tamas"]
[Result "1-0"]
[WhiteElo "1903"]
[BlackElo "1776"]
[PlyCount "91"]
[EventDate "2012.09.16"]
[EventType "team-tourn"]
[EventRounds "11"]
[EventCountry "HUN"]
[SourceTitle "EXT 2014"]
[Source "ChessBase"]
[SourceDate "2013.11.20"]
[SourceVersion "1"]
[SourceVersionDate "2013.11.20"]
[SourceQuality "1"]
[WhiteTeam "Mezobereny"]
[BlackTeam "Bekes"]
[WhiteTeamCountry "HUN"]
[BlackTeamCountry "HUN"]

1. Nf3 Nf6 2. c4 g6 3. Nc3 Bg7 4. d4 d5 5. cxd5 Nxd5 6. g3 0-0 7. Bg2 c5 8. e4 Nxc3 9. bxc3 Nc6 10. 0-0 cxd4 11. cxd4 Nxd4 12. Nxd4 Qxd4 13. Rb1 Qxd1 14. Rxd1 e5 15. a4 Bf6 16. Bb2 Re8 17. Bc3 Bg7 18. Rd6 Bf8 19. Rd5 Bg7 20. a5 Rb8 21. Bf1 b6 22. axb6 Rxb6 23. Rxb6 axb6 24. Bb5 Rf8 25. Bb4 f6 26. Bxf8 Bxf8 27. Rd8 Bb7 28. Bc4+ Kg7 29. Rd7+ Kh8 30. Rxb7 Bc5 31. Kg2 f5 32. exf5 gxf5 33. h4 f4 34. h5 h6 35. g4 e4 36. Bd5 e3 37. fxe3 fxe3 38. Kf3 Bd4 39. Bc4 Bc5 40. Ke4 b5 41. Bxb5 e2 42. Bxe2 Kg8 43. Kf5 Kh8 44. Kg6 Bf8 45. Rh7+ Kg8 46. Bc4# 1-0

[Event "HUN-chT2 Toth 1213"]
[Site "Hungary"]
[Date "2012.11.18"]
[Round "4.8"]
[White "Botta, Tibor"]
[Black "Jozaf, Csaba"]
[Result "0-1"]
[WhiteElo "1927"]
[BlackElo "1903"]
[PlyCount "110"]
[EventDate "2012.09.16"]
[EventType "team-tourn"]
[EventRounds "11"]
[EventCountry "HUN"]
[SourceTitle "EXT 2014"]
[Source "ChessBase"]
[SourceDate "2013.11.20"]
[SourceVersion "1"]
[SourceVersionDate "2013.11.20"]
[SourceQuality "1"]
[WhiteTeam "Takisz"]
[BlackTeam "Mezobereny"]
[WhiteTeamCountry "HUN"]
[BlackTeamCountry "HUN"]

1. d4 Nf6 2. c4 g6 3. Nc3 Bg7 4. e4 d6 5. f4 0-0 6. Nf3 c5 7. d5 e6 8. Be2 exd5 9. exd5 Re8 10. 0-0 Ne4 11. Nxe4 Rxe4 12. Bd3 Re8 13. Re1 Bg4 14. Rxe8+ Qxe8 15. Qe2 Nd7 16. Rb1 Bxf3 17. Qxf3 Qe1+ 18. Qf1 Bd4+ 19. Kh1 Re8 20. g3 Qxf1+ 21. Bxf1 Re1 22. Kg2 Be3 23. Bd3 Rxc1 24. Kf3 Rxb1 25. Bxb1 Bd4 26. b3 f5 27. h3 Kf7 28. g4 Kf6 29. Bc2 Nb8 30. a3 Bb2 31. a4 Na6 32. Bd1 Nb4 33. Ke3 Bc1+ 34. Kf3 Nd3 35. gxf5 gxf5 36. h4 Nxf4 37. Bc2 Ng6 38. Kg3 Ne5 39. Kf2 h6 40. Kg3 Be3 41. Kg2 Ng6 42. Kf3 f4 43. h5 Ne5+ 44. Ke4 Kg5 45. Bd1 Bd4 46. Be2 Nd7 47. Kf3 Nf6 48. Bd3 Nxh5 49. Bf1 Ng3 50. Bh3 Be3 51. Bc8 b6 52. Bd7 Kf6 53. Bh3 Ke5 54. Kg4 Kd4 55. Bg2 Kc3 0-1

[Event "HUN-chT2 Toth 1011"]
[Site "Hungary"]
[Date "2011.05.15"]
[Round "11.6"]
[White "Jozaf, Csaba"]
[Black "Bodrogi, Laszlo"]
[Result "0-1"]
[WhiteElo "1916"]
[BlackElo "1962"]
[PlyCount "76"]
[EventDate "2010.09.12"]
[EventType "team-tourn"]
[EventRounds "11"]
[EventCountry "HUN"]
[SourceTitle "EXT 2012"]
[Source "ChessBase"]
[SourceDate "2011.11.24"]
[SourceVersion "1"]
[SourceVersionDate "2011.11.24"]
[SourceQuality "1"]
[WhiteTeam "Mezobereny"]
[BlackTeam "Abony"]
[WhiteTeamCountry "HUN"]
[BlackTeamCountry "HUN"]

1. Nf3 c5 2. c4 Nf6 3. Nc3 b6 4. e4 Bb7 5. d3 d6 6. Be2 e6 7. 0-0 Be7 8. e5 dxe5 9. Nxe5 Nfd7 10. Nxd7 Qxd7 11. Be3 Nc6 12. Qa4 Rd8 13. Rad1 Bf6 14. Bf3 Na5 15. Bxb7 Qxa4 16. Nxa4 Nxb7 17. Rd2 Ke7 18. a3 Rd7 19. b4 Bd4 20. Rb1 Rhd8 21. bxc5 Nxc5 22. Nxc5 bxc5 23. Rb3 e5 24. Bxd4 Rxd4 25. f3 Rxc4 26. Rb7+ Ke6 27. Rxa7 Rc3 28. Kf2 c4 29. Ra6+ Kf5 30. g4+ Kg5 31. Kg3 f6 32. h4+ Kg6 33. h5+ Kg5 34. Ra7 Kh6 35. Kh4 Rdxd3 36. Ra6 g5+ 37. hxg6 Rxd2 38. gxh7 Kxh7 0-1

[Event "HUN-chT2 Toth 1011"]
[Site "Hungary"]
[Date "2011.05.01"]
[Round "10.9"]
[White "Jozaf, Csaba"]
[Black "Peczely, Sebastian Zsombor"]
[Result "1/2-1/2"]
[WhiteElo "1916"]
[BlackElo "1796"]
[PlyCount "83"]
[EventDate "2010.09.12"]
[EventType "team-tourn"]
[EventRounds "11"]
[EventCountry "HUN"]
[SourceTitle "EXT 2012"]
[Source "ChessBase"]
[SourceDate "2011.11.24"]
[SourceVersion "1"]
[SourceVersionDate "2011.11.24"]
[SourceQuality "1"]
[WhiteTeam "Mezobereny"]
[BlackTeam "Maroczy II"]
[WhiteTeamCountry "HUN"]
[BlackTeamCountry "HUN"]

1. Nf3 d5 2. c4 c6 3. d4 Nf6 4. Nc3 e6 5. Qc2 Nbd7 6. e4 Bb4 7. e5 Ne4 8. Nd2 Nxf2 9. Kxf2 Qh4+ 10. g3 Qxd4+ 11. Kg2 Nxe5 12. Nb3 Qb6 13. Na4 Qd8 14. Bf4 Ng6 15. Bd2 Bxd2 16. Nxd2 0-0 17. Nf3 Qe7 18. cxd5 exd5 19. Re1 Qb4 20. Bd3 Qg4 21. Bxg6 fxg6 22. Rhf1 Bf5 23. Qd1 Be4 24. Nc5 Bxf3+ 25. Rxf3 Qb4 26. Nd3 Qb6 27. Qe2 Rxf3 28. Qxf3 Rf8 29. Qe3 Qxe3 30. Rxe3 b6 31. b4 Rc8 32. Kf2 c5 33. bxc5 bxc5 34. Nc1 c4 35. Ke2 Rb8 36. Kd1 Kf7 37. Ne2 Kf6 38. Kc2 Rb6 39. Nd4 Ra6 40. Kb2 Rb6+ 41. Kc2 Ra6 42. Kb2 1/2-1/2

[Event "HUN-chT2 Toth 1011"]
[Site "Hungary"]
[Date "2011.03.27"]
[Round "7.9"]
[White "Csuri, Laszlo"]
[Black "Jozaf, Csaba"]
[Result "0-1"]
[WhiteElo "2051"]
[BlackElo "1916"]
[PlyCount "47"]
[EventDate "2010.09.12"]
[EventType "team-tourn"]
[EventRounds "11"]
[EventCountry "HUN"]
[SourceTitle "EXT 2012"]
[Source "ChessBase"]
[SourceDate "2011.11.24"]
[SourceVersion "1"]
[SourceVersionDate "2011.11.24"]
[SourceQuality "1"]
[WhiteTeam "Roszke"]
[BlackTeam "Mezobereny"]
[WhiteTeamCountry "HUN"]
[BlackTeamCountry "HUN"]

1. e4 c5 2. c3 d5 3. exd5 Qxd5 4. d4 e6 5. Nf3 Nf6 6. Bd3 Nc6 7. 0-0 Be7 8. Na3 a6 9. Nc4 Qd8 10. Nce5 Bd7 11. a3 cxd4 12. cxd4 Nxe5 13. Nxe5 Rc8 14. Re1 Bc6 15. Bg5 Qxd4 16. Bg6 Qd5 17. Bxf7+ Kf8 18. Nxc6 Rxc6 19. Qxd5 Nxd5 20. Bxe6 Bxg5 21. Bxd5 Rc7 22. Re6 Rd7 23. Rae1 Rxd5 24. Re8+ 0-1

[Event "HUN-chT2 Toth 1011"]
[Site "Hungary"]
[Date "2010.10.10"]
[Round "3.9"]
[White "Csiki, Levente"]
[Black "Jozaf, Csaba"]
[Result "1/2-1/2"]
[WhiteElo "1937"]
[BlackElo "1916"]
[PlyCount "71"]
[EventDate "2010.09.12"]
[EventType "team-tourn"]
[EventRounds "11"]
[EventCountry "HUN"]
[SourceTitle "EXT 2012"]
[Source "ChessBase"]
[SourceDate "2011.11.24"]
[SourceVersion "1"]
[SourceVersionDate "2011.11.24"]
[SourceQuality "1"]
[WhiteTeam "Szolnok"]
[BlackTeam "Mezobereny"]
[WhiteTeamCountry "HUN"]
[BlackTeamCountry "HUN"]

1. d4 Nf6 2. Nc3 g6 3. Bg5 Bg7 4. e4 d6 5. Bc4 0-0 6. Nge2 c5 7. dxc5 dxc5 8. Qxd8 Rxd8 9. e5 Ng4 10. Bxe7 Re8 11. Bxc5 Bxe5 12. h3 Bxc3+ 13. bxc3 Ne5 14. Bb3 Bf5 15. Be3 Be4 16. 0-0 Nbd7 17. Nd4 a6 18. f3 Bc6 19. Bg5 Nc5 20. f4 Ned7 21. Nxc6 bxc6 22. Rfe1 a5 23. Re7 Rxe7 24. Bxe7 a4 25. Bc4 Ne4 26. Rd1 Nb6 27. Bf1 Nxc3 28. Ra1 Nbd5 29. Bd6 Rd8 30. Be5 f6 31. Bxc3 Nxc3 32. Bd3 Rb8 33. Kf1 Rb4 34. f5 gxf5 35. Ke1 f4 36. Kd2 1/2-1/2

[Event "HUN-chT2 Toth 0910"]
[Site "Hungary"]
[Date "2010.04.18"]
[Round "10.7"]
[White "Jozaf, Csaba"]
[Black "Makay, Andor"]
[Result "1/2-1/2"]
[WhiteElo "1925"]
[BlackElo "1875"]
[PlyCount "129"]
[EventDate "2009.11.08"]
[EventType "team-tourn"]
[EventRounds "11"]
[EventCountry "HUN"]
[SourceTitle "EXT 2011"]
[Source "ChessBase"]
[SourceDate "2010.11.26"]
[SourceVersion "1"]
[SourceVersionDate "2010.11.26"]
[SourceQuality "1"]
[WhiteTeam "Mezobereny"]
[BlackTeam "Szentes Spartacus"]
[WhiteTeamCountry "HUN"]
[BlackTeamCountry "HUN"]

1. Nf3 Nc6 2. c4 e5 3. Nc3 d6 4. d4 exd4 5. Nxd4 Ne5 6. e4 c6 7. Be2 Nf6 8. 0-0 Be7 9. h3 0-0 10. Be3 c5 11. Nc2 a6 12. f4 Ng6 13. Bd2 Qc7 14. Ne3 Bd8 15. Ncd5 Qc6 16. f5 Ne5 17. Qc2 Rb8 18. a4 Re8 19. Nxf6+ Bxf6 20. Nd5 Bd8 21. g4 f6 22. Ra3 Bd7 23. Bd1 b5 24. axb5 axb5 25. cxb5 Rxb5 26. Rg3 Qb7 27. Bc3 Nf7 28. Be2 c4 29. Bxc4 Qa7+ 30. Kh2 Rb8 31. Rd1 Bb5 32. Bd4 Qa8 33. Bxb5 Rxb5 34. Ra3 Ra5 35. Rda1 Rxa3 36. Rxa3 Qb7 37. Ra7 Qb5 38. Ra8 Rf8 39. Nf4 Qf1 40. Ne6 Ng5 41. Nxg5 Qf4+ 42. Kg2 fxg5 43. Qc4+ Kh8 44. Bc3 Qe3 45. Ra3 Bf6 46. Bxf6 Qd2+ 47. Kf1 gxf6 48. Qe2 Qc1+ 49. Kg2 Rb8 50. Ra2 Qb1 51. Qc4 Rxb2+ 52. Rxb2 Qxb2+ 53. Kg1 Qa1+ 54. Kf2 Qa7+ 55. Kf3 Kg7 56. Qd3 Qc5 57. Qd5 Qa3+ 58. Kg2 Qb2+ 59. Kf3 Qc3+ 60. Kg2 Qc7 61. Qe6 Qc2+ 62. Kg3 Qd3+ 63. Kg2 Qe2+ 64. Kg3 Qe3+ 65. Kg2 1/2-1/2

[Event "HUN-chT2 Toth 0910"]
[Site "Hungary"]
[Date "2009.12.06"]
[Round "3.9"]
[White "Botta, Judit"]
[Black "Jozaf, Csaba"]
[Result "1/2-1/2"]
[WhiteElo "1961"]
[BlackElo "1925"]
[PlyCount "62"]
[EventDate "2009.11.08"]
[EventType "team-tourn"]
[EventRounds "11"]
[EventCountry "HUN"]
[SourceTitle "EXT 2011"]
[Source "ChessBase"]
[SourceDate "2010.11.26"]
[SourceVersion "1"]
[SourceVersionDate "2010.11.26"]
[SourceQuality "1"]
[WhiteTeam "Takisz"]
[BlackTeam "Mezobereny"]
[WhiteTeamCountry "HUN"]
[BlackTeamCountry "HUN"]

1. e4 c5 2. Nf3 d6 3. d4 cxd4 4. Nxd4 Nf6 5. Nc3 g6 6. Be2 Bg7 7. Be3 Nc6 8. 0-0 0-0 9. a3 a6 10. Nb3 b5 11. f3 Nd7 12. Qd2 Nb6 13. Nd4 Ne5 14. b3 Bb7 15. Bd3 Nxd3 16. cxd3 Nd7 17. Nce2 Nc5 18. Rab1 Rc8 19. Rfc1 Qd7 20. b4 Na4 21. Bh6 Rxc1+ 22. Rxc1 e5 23. Bxg7 Kxg7 24. Nb3 Rc8 25. Kf2 d5 26. Rxc8 Qxc8 27. Qc1 Qxc1 28. Nexc1 d4 29. Na5 Ba8 30. Ncb3 Kf8 31. Nd2 Ke7 1/2-1/2

[Event "HUN-chT2 Toth 0809"]
[Site "Hungary"]
[Date "2009.02.22"]
[Round "8.2"]
[White "Jozaf, Csaba"]
[Black "Luca, Ionel"]
[Result "1/2-1/2"]
[WhiteElo "1945"]
[BlackElo "2133"]
[PlyCount "40"]
[EventDate "2008.10.26"]
[EventType "team-tourn"]
[EventRounds "11"]
[EventCountry "HUN"]
[SourceTitle "EXT 2010"]
[Source "ChessBase"]
[SourceDate "2010.11.25"]
[SourceVersion "1"]
[SourceVersionDate "2010.11.25"]
[SourceQuality "1"]
[WhiteTeam "Mezobereny"]
[BlackTeam "Kisujszallas"]
[WhiteTeamCountry "HUN"]
[BlackTeamCountry "HUN"]

1. Nf3 Nf6 2. c4 c6 3. Nc3 d5 4. d4 g6 5. e3 Bg7 6. Bd3 0-0 7. 0-0 b6 8. cxd5 cxd5 9. b4 a5 10. b5 Bb7 11. a4 Ne4 12. Qb3 Nxc3 13. Qxc3 Nd7 14. Bb2 Rc8 15. Qa3 Re8 16. Rac1 Rxc1 17. Rxc1 Qb8 18. Qa1 Rc8 19. h3 Rxc1+ 20. Qxc1 e5 1/2-1/2

[Event "HUN-chT2 Toth 0809"]
[Site "Hungary"]
[Date "2008.12.21"]
[Round "4.3"]
[White "Kovacs, Robert"]
[Black "Jozaf, Csaba"]
[Result "1/2-1/2"]
[WhiteElo "2127"]
[BlackElo "1945"]
[PlyCount "49"]
[EventDate "2008.10.26"]
[EventType "team-tourn"]
[EventRounds "11"]
[EventCountry "HUN"]
[SourceTitle "EXT 2010"]
[Source "ChessBase"]
[SourceDate "2010.11.25"]
[SourceVersion "1"]
[SourceVersionDate "2010.11.25"]
[SourceQuality "1"]
[WhiteTeam "Karcag"]
[BlackTeam "Mezobereny"]
[WhiteTeamCountry "HUN"]
[BlackTeamCountry "HUN"]

1. d4 Nf6 2. Nf3 g6 3. c4 Bg7 4. Nc3 d6 5. e4 0-0 6. Be2 c5 7. d5 Nbd7 8. h3 a6 9. 0-0 b6 10. Be3 Bb7 11. Qd2 Qc7 12. Bh6 Rad8 13. Bxg7 Kxg7 14. Rad1 Ne8 15. Nh4 Ndf6 16. f4 e6 17. dxe6 fxe6 18. e5 Ne4 19. Nxe4 Bxe4 20. exd6 Nxd6 21. Qc3+ Kg8 22. Rxd6 Qxd6 23. Bg4 Bf5 24. Nxf5 exf5 25. Bf3 1/2-1/2

[Event "HUN-chT2 Toth 0809"]
[Site "Hungary"]
[Date "2008.10.26"]
[Round "1.4"]
[White "Papp, Jozsef"]
[Black "Jozaf, Csaba"]
[Result "1-0"]
[WhiteElo "2054"]
[BlackElo "1945"]
[PlyCount "75"]
[EventDate "2008.10.26"]
[EventType "team-tourn"]
[EventRounds "11"]
[EventCountry "HUN"]
[SourceTitle "EXT 2010"]
[Source "ChessBase"]
[SourceDate "2010.11.25"]
[SourceVersion "1"]
[SourceVersionDate "2010.11.25"]
[SourceQuality "1"]
[WhiteTeam "Szentes"]
[BlackTeam "Mezobereny"]
[WhiteTeamCountry "HUN"]
[BlackTeamCountry "HUN"]

1. e4 c5 2. Nf3 d6 3. d4 cxd4 4. Nxd4 Nf6 5. Nc3 g6 6. Bb5+ Bd7 7. a4 a6 8. Be2 Bg7 9. Be3 0-0 10. a5 Bc6 11. Nxc6 bxc6 12. 0-0 Nbd7 13. f4 Qc7 14. Bf3 Rab8 15. Na4 c5 16. Bd2 Rfc8 17. c4 Ne8 18. g4 Bxb2 19. Nxb2 Rxb2 20. Bc3 Rbb8 21. Qd2 Ng7 22. Ra3 Rf8 23. f5 e5 24. Rd1 Ne8 25. Qh6 Kh8 26. g5 gxf5 27. exf5 Rg8 28. Kh1 Nf8 29. Be4 Qe7 30. Rg1 f6 31. g6 Rg7 32. Qh4 Nc7 33. Bd2 Nd7 34. Bh6 Rb4 35. Bxg7+ Qxg7 36. gxh7 Qxh7 37. Qxh7+ Kxh7 38. Rh3# 1-0

[Event "HUN-chT2 Toth 0708"]
[Site "Hungary"]
[Date "2008.05.18"]
[Round "11"]
[White "Jozaf, Csaba"]
[Black "Gosztolya, Ferenc"]
[Result "1-0"]
[WhiteElo "1946"]
[BlackElo "2105"]
[PlyCount "89"]
[EventDate "2007.10.14"]
[EventType "team"]
[EventRounds "11"]
[EventCountry "HUN"]
[SourceTitle "EXT 2009"]
[Source "ChessBase"]
[SourceDate "2008.11.26"]
[SourceVersion "1"]
[SourceVersionDate "2008.11.26"]
[SourceQuality "1"]
[WhiteTeam "Mezobereny"]
[BlackTeam "Bekes"]
[WhiteTeamCountry "HUN"]
[BlackTeamCountry "HUN"]

1. Nf3 c5 2. c4 Nc6 3. Nc3 e5 4. e4 d6 5. Be2 h6 6. a3 Nge7 7. Rb1 a5 8. d3 g6 9. Bd2 Bg7 10. Qc1 g5 11. h3 Ng6 12. g3 0-0 13. h4 f6 14. hxg5 fxg5 15. Nh2 Qf6 16. Be3 Nge7 17. Bg4 Nd4 18. Bxc8 Raxc8 19. Qd1 Qg6 20. Bxd4 exd4 21. Nb5 Nc6 22. Qd2 g4 23. Kd1 h5 24. Kc2 Bh6 25. Qe2 Ne5 26. Rbf1 Rf6 27. f4 gxf3 28. Nxf3 Ng4 29. Nh4 Ne3+ 30. Kb3 Qg5 31. Rxf6 Qxf6 32. Qxh5 Rf8 33. Nf5 Nxf5 34. exf5 Qxf5 35. Qxf5 Rxf5 36. Rxh6 Rf3 37. Kc2 Rxg3 38. Rxd6 Rg2+ 39. Kc1 Rg1+ 40. Kd2 Rg2+ 41. Ke1 Rxb2 42. Rb6 Rb3 43. Ke2 Rb2+ 44. Kf3 Rd2 45. Ke4 1-0

[Event "HUN-chT2 Toth 0708"]
[Site "Hungary"]
[Date "2007.12.09"]
[Round "4"]
[White "Szigeti, Janos"]
[Black "Jozaf, Csaba"]
[Result "1/2-1/2"]
[WhiteElo "2026"]
[BlackElo "1968"]
[PlyCount "23"]
[EventDate "2007.10.14"]
[EventType "team"]
[EventRounds "11"]
[EventCountry "HUN"]
[SourceTitle "EXT 2009"]
[Source "ChessBase"]
[SourceDate "2008.11.26"]
[SourceVersion "1"]
[SourceVersionDate "2008.11.26"]
[SourceQuality "1"]
[WhiteTeam "Vasarhelyi"]
[BlackTeam "Mezobereny"]
[WhiteTeamCountry "HUN"]
[BlackTeamCountry "HUN"]

1. e4 c5 2. Nc3 d6 3. Nf3 Nf6 4. Be2 Nc6 5. 0-0 e6 6. d4 cxd4 7. Nxd4 Be7 8. Be3 0-0 9. Qd2 a6 10. f3 Qc7 11. a4 b6 12. Nxc6 1/2-1/2

[Event "HUN-chT2 Toth 0708"]
[Site "Hungary"]
[Date "2007.10.14"]
[Round "1"]
[White "Jozaf, Csaba"]
[Black "Ujhazi, Mihaly"]
[Result "0-1"]
[WhiteElo "1968"]
[BlackElo "1897"]
[PlyCount "118"]
[EventDate "2007.10.14"]
[EventType "team"]
[EventRounds "11"]
[EventCountry "HUN"]
[SourceTitle "EXT 2009"]
[Source "ChessBase"]
[SourceDate "2008.11.26"]
[SourceVersion "1"]
[SourceVersionDate "2008.11.26"]
[SourceQuality "1"]
[WhiteTeam "Mezobereny"]
[BlackTeam "Maroczy II"]
[WhiteTeamCountry "HUN"]
[BlackTeamCountry "HUN"]

1. Nf3 d5 2. c4 c6 3. e3 Bg4 4. d4 e6 5. Bd3 Nf6 6. 0-0 Bd6 7. a3 a5 8. Nbd2 Nbd7 9. b3 0-0 10. Qc2 Rc8 11. c5 Bb8 12. Bb2 b5 13. Ne5 Qe7 14. f4 g6 15. Bc3 Qd8 16. Ndf3 Bf5 17. Nxd7 Nxd7 18. Bxf5 exf5 19. Be1 f6 20. Bh4 Qe8 21. Rae1 Bc7 22. Kh1 Qe6 23. Rg1 Rce8 24. h3 Qe4 25. Qxe4 Rxe4 26. g4 fxg4 27. Rxg4 Rfe8 28. Bf2 Kf7 29. h4 Nf8 30. Nd2 R4e7 31. Nf1 h5 32. Rg3 Bxf4 33. Rf3 Bh6 34. Bg3 Re4 35. Kh2 Kg7 36. Kh3 g5 37. hxg5 fxg5 38. Rf5 Ng6 39. Re2 g4+ 40. Kg2 h4 41. Bd6 Bxe3 42. Nxe3 Rxe3 43. Ref2 g3 44. Rf1 h3+ 45. Kxh3 g2+ 46. Kxg2 Nh4+ 47. Kg1 Nxf5 48. Rxf5 Kg6 49. Rf4 R3e4 50. Rf3 Re1+ 51. Kf2 R8e2+ 52. Kg3 Re3 53. Bc7 Rxf3+ 54. Kxf3 a4 55. bxa4 bxa4 56. Ba5 Rb1 57. Ke2 Rb3 58. Kd2 Rxa3 59. Kc2 Kf5 0-1